01145nam a2200193Ia 4500001001000000003001000010008004100020040002500061041001300086100003300099245005100132250001100183260008700194300002800281500024700309501011400556520024700670650003400917L235-7330IT-CnALBA170116s9999||||xx |||||||||||||| ||und|| aIT-CnALBAcIT-CnALBA aITALIANO aGORRINO ACHILLE, MONS. DOTT. 0aMARIA SANTISSIMA MADRE DI DIO E MADRE NOSTRA.  a1a ed. a TO BO CT PAbSOCIETÀ ED. INTER. c1938 [1° Ed.:1938 - Ed.Ling.Originale: 1938] a184 p. (prefazione: 57) aPREDESTINAZIONE DI MARIA. INCARNAZIONE DEL VERBO. IMMACOLATA CONCEZIONE. LA GRAZIA DI MARIA. MATRIMONIO CON GIUSEPPE. ANNUNZIAZIONE. MATERNITÀ DOLORI DI MARIA. ASSUNZIONE. REGINA DELL'UNIVERSO. MADRE DELLA CHIESA. CORREDENTRICE MEDIATRICE.  aSocietà San Paolo EM - Piazza San Paolo, 14 - 12051 ALBA (CN) (non commercial uses only) ® Copyright 2017 aPREDESTINAZIONE DI MARIA. INCARNAZIONE DEL VERBO. IMMACOLATA CONCEZIONE. LA GRAZIA DI MARIA. MATRIMONIO CON GIUSEPPE. ANNUNZIAZIONE. MATERNITÀ DOLORI DI MARIA. ASSUNZIONE. REGINA DELL'UNIVERSO. MADRE DELLA CHIESA. CORREDENTRICE MEDIATRICE.  aMARIA SS. ANGELI SANTI DEMONI